01240nam1a2200265 i 4500001001900000005001700019035002600036100004100062101000800103102000700111105001800118200024400136210006600380215000700446463001400453606010900467686001300576700007000589701007400659701014800733801002700881801002200908830002300930852002100953RU\NLR\bibl\79996620260405082422.0 a(NLR Aleph) 000789145 a20050517g20049999u y0rusy50 ca0 arus aRU aa |||||||||1 aИнженерные расчеты при разработке нефтяных месторожденийe[в 4 томах]fВ.Н. Артемьев, Г.З. Ибрагимов, А.И. Ивановgпод ред. И.Т. Мищенко aМоскваcНефтегазтехнология АЛd2004 d23 010017368031 aНефтьxДобычаxГазогидродинамические методы3RU\NLR\auth\661362591 aИ361-64 1aАртемьевbВ. Н.gВиктор Николаевич4070 1aИбрагимовbГ. З.gГабдрауф Закирович4070 140708rus7caaИвановbА. И.cканд. геол.-минерал. наукgАлександр Изосимович3RU\NLR\auth\7729098 0aRUbNLRc20050517grcr 1aRUbNLRc20050517 aАвт. по кн. aNLRj2005-5/1519